Samuel Freiherr von Cocceji

Titel: Samuel Freiherr von Cocceji / Liebhard Hildebrand
Verfasser:
In: Pommern, Band 14, Heft 1 (1976), Seite 23-24
alle Artikel anzeigen
Veröffentlicht: 1976
Umfang: Illustrationen
Format: Aufsatz
Sprache: Deutsch
Schlagworte:
Kein Bild verfügbar
X
alg: 43254991
001A    $03025:13-06-18 
001B    $01999:13-06-18 $t22:45:10.000 
001C    $03025:13-06-18 $t14:34:33.000 
001D    $03025:13-06-18 
001U    $0utf8 
001X    $00 
002@    $0Aou 
002C    $aText $btxt $2rdacontent 
002D    $aohne Hilfsmittel zu benutzen $bn $2rdamedia 
002E    $aBand $bnc $2rdacarrier 
003@    $0432549919 
007A    $0432549919 $aHEB 
010@    $ager 
010E    $erda 
011@    $a1976 
021A    $aSamuel Freiherr von Cocceji $hLiebhard Hildebrand 
028A    $BVerfasser $4aut $7126633541 $8Hildebrand, Liebhard [Tp6] $9157189503 
031A    $d14 $e1 $h23-24 $j1976 
034M    $aIllustrationen 
039B    $aEnthalten in $8--Abvc--. Pommern. - Greifswald : Pommersche Stiftung für historische Bildung, 1967-. - ISSN 0032-4167 $x197600000140001977 $9048244473 
044K    $#Cocceji, Samuel Friedrich von $#Coccejus, Samuel von $#Coccejus, Samuel $#Cocceius, Samuel $#Cocceji, Samuel de $#Cocceii, Samuel a $#Cocceji, Samuel $#Coccejius, Samuel $#Coccejus, Samuel de $#Cocceius, Samuel de $#Cocceji, Samuelis de $#Coccey, S. v. $#Cocceius, Samuel L.B. a $#Cocceius, Samuel Freiherr von $#Cocceii, Samuel von $7119501600 $8Cocceji, Samuel$cvon$Z1679-1755 [Tp1] $908784124X 
044K    $RMecklenburg-Vorpommern $#Pommern $#Pommern $#Herzogtum Pommern $#Herzogthum Pommern $#Provinz Pommern $#Pomorze $74046744-2 $8Pommern [Tg1] $9085130354 
045R    $aGeschichte 1679-1755 
045T    $a7,41 $a8,1 

lok: 43254991 78

exp: 43254991 78 1 #EPN
201B/01 $013-06-18 $t14:32:42.000 
201C/01 $013-06-18 
201U/01 $0utf8 
203@/01 $01023538571 
208@/01 $a13-06-18 $be 
209A/01 $a/ $f000 $x00 
209A/01 $ab*p $x01 
220C/01 $awma 
244Z/01 $#Pommern $#Pommern $#Herzogtum Pommern $#Herzogthum Pommern $#Provinz Pommern $#Pomorze $74046744-2 $8--Tg1--Pommern $x06 $9085130354 
247C/01 $82080>Marburg/Lahn, Herder-Institut, Forschungsbibliothek, Bibliographieportal $9336309341
LEADER 00000caa a2200000 c 4500
001 432549919
003 DE-603
005 20180613224510.0
007 tu
008 180613s1976 xx |||| | u00||u|ger c
035 |a (DE-599)HEB432549919 
040 |a DE-603  |b ger  |c DE-603  |d DE-603  |e rda 
041 |a ger 
084 |a 7,41  |a 8,1  |2 ssgn 
100 1 |a Hildebrand, Liebhard  |e Verfasser  |4 aut  |0 (DE-603)157189503  |0 (DE-588)126633541  |2 gnd 
245 0 0 |a Samuel Freiherr von Cocceji  |c Liebhard Hildebrand 
264 0 |c 1976 
300 |b Illustrationen 
336 |a Text  |b txt  |2 rdacontent 
337 |a ohne Hilfsmittel zu benutzen  |b n  |2 rdamedia 
338 |a Band  |b nc  |2 rdacarrier 
600 1 7 |a Cocceji, Samuel von  |d 1679-1755  |0 (DE-588)119501600  |0 (DE-603)08784124X  |2 gnd 
648 7 |a Geschichte 1679-1755  |2 gnd 
651 7 |a Pommern  |0 (DE-588)4046744-2  |0 (DE-603)085130354  |2 gnd 
773 0 8 |i Enthalten in  |t Pommern  |d Greifswald : Pommersche Stiftung für historische Bildung, 1967-  |h 30 cm  |x 0032-4167  |g Band 14, Heft 1 (1976), Seite 23-24  |w (DE-603)048244473  |w (DE-600)958645-3 
924 0 |9 2080  |a (DE-603)1023538571  |b DE-2080  |c HES  |d d  |g /